=LDR 00000nam 2200000 4500 =001 INLIS000000000030886 =005 20160310113258.0 =006 =007 =008 ind =035 ##$$0010-061300000030886 =041 ##$$a ind =082 ##$$a 613 =090 ##$$a 613, Sur s =100 ##$$a Suryanto, Bondan Agus =245 ##$$a Six basic energy, mengungkap rahasia hidup Sehat, sukses dan bahagia, oleh Bondan Agus Suryanto; editor Rini Rachinatika =260 ##$$a 2008 $b Jakarta =300 ##$$a xxxvi,394 hlm, ilus, 21cm =650 ##$$a KESEHATAN =850 ##$$a NBPNMAT